<?xml version="1.0" encoding="UTF-8"?>
<marc:record xmlns:marc="http://www.loc.gov/MARC21/slim" type="Bibliographic">
   <marc:leader>00000pam a2200000 c 4500</marc:leader>
   <marc:controlfield tag="001">961749806</marc:controlfield>
   <marc:controlfield tag="003">DE-101</marc:controlfield>
   <marc:controlfield tag="005">20171203111932.0</marc:controlfield>
   <marc:controlfield tag="007">tu</marc:controlfield>
   <marc:controlfield tag="008">010611s2001    gw ||||| |||| 00||||ger  </marc:controlfield>
   <marc:datafield ind1=" " ind2=" " tag="015">
      <marc:subfield code="a">02,A06,0556</marc:subfield>
      <marc:subfield code="z">01,N33,0164</marc:subfield>
      <marc:subfield code="2">dnb</marc:subfield>
   </marc:datafield>
   <marc:datafield ind1="7" ind2=" " tag="016">
      <marc:subfield code="2">DE-101</marc:subfield>
      <marc:subfield code="a">961749806</marc:subfield>
   </marc:datafield>
   <marc:datafield ind1=" " ind2=" " tag="020">
      <marc:subfield code="a">9783784032313 (Lahn)</marc:subfield>
      <marc:subfield code="c"> kart.</marc:subfield>
      <marc:subfield code="9">978-3-7840-3231-3</marc:subfield>
   </marc:datafield>
   <marc:datafield ind1=" " ind2=" " tag="020">
      <marc:subfield code="a">3784032311 (Lahn)</marc:subfield>
      <marc:subfield code="c"> kart.</marc:subfield>
      <marc:subfield code="9">3-7840-3231-1</marc:subfield>
   </marc:datafield>
   <marc:datafield ind1=" " ind2=" " tag="020">
      <marc:subfield code="a">9783702223915 (Tyrolia)</marc:subfield>
      <marc:subfield code="c"> kart.</marc:subfield>
      <marc:subfield code="9">978-3-7022-2391-5</marc:subfield>
   </marc:datafield>
   <marc:datafield ind1=" " ind2=" " tag="020">
      <marc:subfield code="a">3702223916 (Tyrolia)</marc:subfield>
      <marc:subfield code="c"> kart.</marc:subfield>
      <marc:subfield code="9">3-7022-2391-6</marc:subfield>
   </marc:datafield>
   <marc:datafield ind1=" " ind2=" " tag="035">
      <marc:subfield code="a">(DE-599)DNB961749806</marc:subfield>
   </marc:datafield>
   <marc:datafield ind1=" " ind2=" " tag="035">
      <marc:subfield code="a">(OCoLC)76229416</marc:subfield>
   </marc:datafield>
   <marc:datafield ind1=" " ind2=" " tag="040">
      <marc:subfield code="a">1140</marc:subfield>
      <marc:subfield code="b">ger</marc:subfield>
      <marc:subfield code="c">DE-101</marc:subfield>
      <marc:subfield code="d">9999</marc:subfield>
   </marc:datafield>
   <marc:datafield ind1=" " ind2=" " tag="041">
      <marc:subfield code="a">ger</marc:subfield>
   </marc:datafield>
   <marc:datafield ind1=" " ind2=" " tag="044">
      <marc:subfield code="c">XA-DE</marc:subfield>
   </marc:datafield>
   <marc:datafield ind1=" " ind2=" " tag="084">
      <marc:subfield code="a">22</marc:subfield>
      <marc:subfield code="a">12</marc:subfield>
      <marc:subfield code="a">25</marc:subfield>
      <marc:subfield code="a">43</marc:subfield>
      <marc:subfield code="a">48</marc:subfield>
      <marc:subfield code="a">370</marc:subfield>
      <marc:subfield code="q">DE-101</marc:subfield>
      <marc:subfield code="2">sdnb</marc:subfield>
   </marc:datafield>
   <marc:datafield ind1=" " ind2=" " tag="084">
      <marc:subfield code="a">3.5a</marc:subfield>
      <marc:subfield code="a">17.2</marc:subfield>
      <marc:subfield code="a">6.4</marc:subfield>
      <marc:subfield code="a">6.2a</marc:subfield>
      <marc:subfield code="a">3.5a</marc:subfield>
      <marc:subfield code="a">17.2</marc:subfield>
      <marc:subfield code="q">DE-101</marc:subfield>
      <marc:subfield code="2">sswd</marc:subfield>
   </marc:datafield>
   <marc:datafield ind1=" " ind2=" " tag="090">
      <marc:subfield code="a">b</marc:subfield>
   </marc:datafield>
   <marc:datafield ind1="1" ind2=" " tag="100">
      <marc:subfield code="0">(DE-588)123444292</marc:subfield>
      <marc:subfield code="0">http://d-nb.info/gnd/123444292</marc:subfield>
      <marc:subfield code="0">(DE-101)123444292</marc:subfield>
      <marc:subfield code="a">Hubka, Christine</marc:subfield>
      <marc:subfield code="d">1950-</marc:subfield>
      <marc:subfield code="e">Verfasser</marc:subfield>
      <marc:subfield code="4">aut</marc:subfield>
   </marc:datafield>
   <marc:datafield ind1="0" ind2="0" tag="245">
      <marc:subfield code="a">&#x98;Der&#x9c; Christbaum ist im Paradies gewachsen</marc:subfield>
      <marc:subfield code="b">Adventkranz, Christbaumschmuck und  Weihnachtskrippe erzählen ihre Geschichten ; [ein Werkbuch für Familie, Kindergarten und Grundschule mit Liedern und Bastelanleitungen]</marc:subfield>
      <marc:subfield code="c">Christine Hubka</marc:subfield>
   </marc:datafield>
   <marc:datafield ind1=" " ind2="1" tag="264">
      <marc:subfield code="a">Limburg</marc:subfield>
      <marc:subfield code="a">Kevelaer</marc:subfield>
      <marc:subfield code="b">Lahn-Verl.</marc:subfield>
      <marc:subfield code="a">Innsbruck</marc:subfield>
      <marc:subfield code="a">Wien</marc:subfield>
      <marc:subfield code="b">Tyrolia-Verl.</marc:subfield>
      <marc:subfield code="c">2001</marc:subfield>
   </marc:datafield>
   <marc:datafield ind1=" " ind2=" " tag="300">
      <marc:subfield code="a">197 S.</marc:subfield>
      <marc:subfield code="b">Ill., Noten</marc:subfield>
      <marc:subfield code="c">22 cm</marc:subfield>
   </marc:datafield>
   <marc:datafield ind1=" " ind2=" " tag="336">
      <marc:subfield code="a">Text</marc:subfield>
      <marc:subfield code="b">txt</marc:subfield>
      <marc:subfield code="2">rdacontent</marc:subfield>
   </marc:datafield>
   <marc:datafield ind1=" " ind2=" " tag="337">
      <marc:subfield code="a">ohne Hilfsmittel zu benutzen</marc:subfield>
      <marc:subfield code="b">n</marc:subfield>
      <marc:subfield code="2">rdamedia</marc:subfield>
   </marc:datafield>
   <marc:datafield ind1=" " ind2=" " tag="338">
      <marc:subfield code="a">Band</marc:subfield>
      <marc:subfield code="b">nc</marc:subfield>
      <marc:subfield code="2">rdacarrier</marc:subfield>
   </marc:datafield>
   <marc:datafield ind1=" " ind2=" " tag="385">
      <marc:subfield code="0">(DE-588)4053369-4</marc:subfield>
      <marc:subfield code="0">http://d-nb.info/gnd/4053369-4</marc:subfield>
      <marc:subfield code="0">(DE-101)040533697</marc:subfield>
      <marc:subfield code="a">Schüler</marc:subfield>
      <marc:subfield code="2">gnd</marc:subfield>
   </marc:datafield>
   <marc:datafield ind1=" " ind2="7" tag="650">
      <marc:subfield code="0">(DE-588)4065075-3</marc:subfield>
      <marc:subfield code="0">http://d-nb.info/gnd/4065075-3</marc:subfield>
      <marc:subfield code="0">(DE-101)040650758</marc:subfield>
      <marc:subfield code="a">Weihnachten</marc:subfield>
      <marc:subfield code="2">gnd</marc:subfield>
   </marc:datafield>
   <marc:datafield ind1=" " ind2="7" tag="650">
      <marc:subfield code="0">(DE-588)4008017-1</marc:subfield>
      <marc:subfield code="0">http://d-nb.info/gnd/4008017-1</marc:subfield>
      <marc:subfield code="0">(DE-101)04008017X</marc:subfield>
      <marc:subfield code="a">Brauchtum</marc:subfield>
      <marc:subfield code="2">gnd</marc:subfield>
   </marc:datafield>
   <marc:datafield ind1=" " ind2="7" tag="650">
      <marc:subfield code="0">(DE-588)4022354-1</marc:subfield>
      <marc:subfield code="0">http://d-nb.info/gnd/4022354-1</marc:subfield>
      <marc:subfield code="0">(DE-101)04022354X</marc:subfield>
      <marc:subfield code="a">Grundschulunterricht</marc:subfield>
      <marc:subfield code="2">gnd</marc:subfield>
   </marc:datafield>
   <marc:datafield ind1=" " ind2="7" tag="650">
      <marc:subfield code="0">(DE-588)4065075-3</marc:subfield>
      <marc:subfield code="0">http://d-nb.info/gnd/4065075-3</marc:subfield>
      <marc:subfield code="0">(DE-101)040650758</marc:subfield>
      <marc:subfield code="a">Weihnachten</marc:subfield>
      <marc:subfield code="2">gnd</marc:subfield>
   </marc:datafield>
   <marc:datafield ind1=" " ind2="7" tag="650">
      <marc:subfield code="0">(DE-588)4008017-1</marc:subfield>
      <marc:subfield code="0">http://d-nb.info/gnd/4008017-1</marc:subfield>
      <marc:subfield code="0">(DE-101)04008017X</marc:subfield>
      <marc:subfield code="a">Brauchtum</marc:subfield>
      <marc:subfield code="2">gnd</marc:subfield>
   </marc:datafield>
   <marc:datafield ind1=" " ind2="7" tag="650">
      <marc:subfield code="0">(DE-588)4130244-8</marc:subfield>
      <marc:subfield code="0">http://d-nb.info/gnd/4130244-8</marc:subfield>
      <marc:subfield code="0">(DE-101)041302443</marc:subfield>
      <marc:subfield code="a">Kindergartenerziehung</marc:subfield>
      <marc:subfield code="2">gnd</marc:subfield>
   </marc:datafield>
   <marc:datafield ind1=" " ind2="7" tag="655">
      <marc:subfield code="0">(DE-588)4074111-4</marc:subfield>
      <marc:subfield code="0">http://d-nb.info/gnd/4074111-4</marc:subfield>
      <marc:subfield code="0">(DE-101)040741117</marc:subfield>
      <marc:subfield code="a">Lehrmittel</marc:subfield>
      <marc:subfield code="2">gnd-content</marc:subfield>
   </marc:datafield>
   <marc:datafield ind1=" " ind2="7" tag="655">
      <marc:subfield code="a">Lehrmittel</marc:subfield>
      <marc:subfield code="2">gnd</marc:subfield>
   </marc:datafield>
   <marc:datafield ind1=" " ind2="7" tag="655">
      <marc:subfield code="a">Lehrmittel</marc:subfield>
      <marc:subfield code="2">gnd</marc:subfield>
   </marc:datafield>
   <marc:datafield ind1="0" ind2="0" tag="689">
      <marc:subfield code="0">(DE-588)4065075-3</marc:subfield>
      <marc:subfield code="0">http://d-nb.info/gnd/4065075-3</marc:subfield>
      <marc:subfield code="0">(DE-101)040650758</marc:subfield>
      <marc:subfield code="D">s</marc:subfield>
      <marc:subfield code="a">Weihnachten</marc:subfield>
   </marc:datafield>
   <marc:datafield ind1="0" ind2="1" tag="689">
      <marc:subfield code="0">(DE-588)4008017-1</marc:subfield>
      <marc:subfield code="0">http://d-nb.info/gnd/4008017-1</marc:subfield>
      <marc:subfield code="0">(DE-101)04008017X</marc:subfield>
      <marc:subfield code="D">s</marc:subfield>
      <marc:subfield code="a">Brauchtum</marc:subfield>
   </marc:datafield>
   <marc:datafield ind1="0" ind2="2" tag="689">
      <marc:subfield code="0">(DE-588)4022354-1</marc:subfield>
      <marc:subfield code="0">http://d-nb.info/gnd/4022354-1</marc:subfield>
      <marc:subfield code="0">(DE-101)04022354X</marc:subfield>
      <marc:subfield code="D">s</marc:subfield>
      <marc:subfield code="a">Grundschulunterricht</marc:subfield>
   </marc:datafield>
   <marc:datafield ind1="0" ind2="3" tag="689">
      <marc:subfield code="A">f</marc:subfield>
      <marc:subfield code="a">Lehrmittel</marc:subfield>
   </marc:datafield>
   <marc:datafield ind1="0" ind2=" " tag="689">
      <marc:subfield code="5">DE-101</marc:subfield>
      <marc:subfield code="5">DE-101</marc:subfield>
   </marc:datafield>
   <marc:datafield ind1="1" ind2="0" tag="689">
      <marc:subfield code="0">(DE-588)4065075-3</marc:subfield>
      <marc:subfield code="0">http://d-nb.info/gnd/4065075-3</marc:subfield>
      <marc:subfield code="0">(DE-101)040650758</marc:subfield>
      <marc:subfield code="D">s</marc:subfield>
      <marc:subfield code="a">Weihnachten</marc:subfield>
   </marc:datafield>
   <marc:datafield ind1="1" ind2="1" tag="689">
      <marc:subfield code="0">(DE-588)4008017-1</marc:subfield>
      <marc:subfield code="0">http://d-nb.info/gnd/4008017-1</marc:subfield>
      <marc:subfield code="0">(DE-101)04008017X</marc:subfield>
      <marc:subfield code="D">s</marc:subfield>
      <marc:subfield code="a">Brauchtum</marc:subfield>
   </marc:datafield>
   <marc:datafield ind1="1" ind2="2" tag="689">
      <marc:subfield code="0">(DE-588)4130244-8</marc:subfield>
      <marc:subfield code="0">http://d-nb.info/gnd/4130244-8</marc:subfield>
      <marc:subfield code="0">(DE-101)041302443</marc:subfield>
      <marc:subfield code="D">s</marc:subfield>
      <marc:subfield code="a">Kindergartenerziehung</marc:subfield>
   </marc:datafield>
   <marc:datafield ind1="1" ind2="3" tag="689">
      <marc:subfield code="A">f</marc:subfield>
      <marc:subfield code="a">Lehrmittel</marc:subfield>
   </marc:datafield>
   <marc:datafield ind1="1" ind2=" " tag="689">
      <marc:subfield code="5">DE-101</marc:subfield>
      <marc:subfield code="5">DE-101</marc:subfield>
   </marc:datafield>
   <marc:datafield ind1=" " ind2=" " tag="850">
      <marc:subfield code="a">DE-101a</marc:subfield>
   </marc:datafield>
   <marc:datafield ind1="4" ind2="2" tag="856">
      <marc:subfield code="m">V:AT-OBV</marc:subfield>
      <marc:subfield code="q">application/pdf</marc:subfield>
      <marc:subfield code="u">http://d-nb.info/961749806/04</marc:subfield>
      <marc:subfield code="3">Inhaltsverzeichnis</marc:subfield>
   </marc:datafield>
   <marc:datafield ind1="r" ind2=" " tag="925">
      <marc:subfield code="a">ra</marc:subfield>
   </marc:datafield>
</marc:record>
